000 00693nam a2200301Ia 4500
005 20260401122219.0
008 008 250103s9999 xx 000 0 eng d
020 _a8190257900
037 _aTB
040 _aEDL
040 _beng
040 _cEDL
041 _2eng
041 _aeng
084 _a330.122094 HUB
084 _qEDL
100 _aHuberman, Leo
245 0 _aMan's Worldly Goods: Rise of Western Capitalism
245 0 _cHuberman, Leo
260 _aDelhi
260 _bAshajyoti Booksellers & Publishers
260 _c2005
300 _a358p
942 _cTB
942 _h330.122094 HUB
999 _c1845684
_d1845684